000
00321nam a22001457a 4500
008
210526b ||||| |||| 00| 0 eng d
020
_a
0231043074
041
_a
eng
080
_a
61
082
_a
61
100
_a
3
101
_a
SHM
245
_a
Ethical Issues in Death and Dying
_c
Robert F. Weir
942
_2
udc
_c
BK
999
_c
57662
_d
57662